MCTS self-paced training kit (exam 70-431) : (Record no. 26638)
[ view plain ]
| 000 -LEADER | |
|---|---|
| fixed length control field | 01260cam a22002895a 4500 |
| 001 - CONTROL NUMBER | |
| control field | 14311675 |
| 005 - DATE AND TIME OF LATEST TRANSACTION | |
| control field | 20180506142421.0 |
| 008 - FIXED-LENGTH DATA ELEMENTS--GENERAL INFORMATION | |
| fixed length control field | 060323t2007 waua frd 001 0 eng d |
| 040 ## - CATALOGING SOURCE | |
| Original cataloging agency | DLC |
| Transcribing agency | DLC |
| Modifying agency | DLC |
| -- | EG-ScBUE |
| Language of cataloging | eng |
| 082 04 - DEWEY DECIMAL CLASSIFICATION NUMBER | |
| Edition number | 22 |
| Classification number | 005.36 |
| Item number | MCT |
| 245 00 - TITLE STATEMENT | |
| Title | MCTS self-paced training kit (exam 70-431) : |
| Remainder of title | Microsoft SQL server 2005--implementation and maintenance / |
| Statement of responsibility, etc | Solid Quality Learning. |
| 246 30 - VARYING FORM OF TITLE | |
| Title proper/short title | Microsoft SQL server 2005--implementation and maintenance |
| 260 ## - PUBLICATION, DISTRIBUTION, ETC. (IMPRINT) | |
| Place of publication, distribution, etc | Redmond : |
| Name of publisher, distributor, etc | Microsoft Press, |
| Date of publication, distribution, etc | c.2007. |
| 300 ## - PHYSICAL DESCRIPTION | |
| Extent | xxxviii, 950 p. : |
| Other physical details | ill. ; |
| Dimensions | 24 cm. |
| 500 ## - GENERAL NOTE | |
| General note | Index : p. 923-950. |
| 500 ## - GENERAL NOTE | |
| General note | Glossary : p. 909-922. |
| 630 07 - SUBJECT ADDED ENTRY--UNIFORM TITLE | |
| Uniform title | SQL server. |
| 650 #7 - SUBJECT ADDED ENTRY--TOPICAL TERM | |
| Topical term or geographic name as entry element | Microsoft software |
| General subdivision | Examinations |
| Form subdivision | Study guides. |
| Source of heading or term | BUEsh |
| 650 #7 - SUBJECT ADDED ENTRY--TOPICAL TERM | |
| Topical term or geographic name as entry element | Telecommunications engineers |
| General subdivision | Certification. |
| Source of heading or term | BUEsh |
| 651 ## - SUBJECT ADDED ENTRY--GEOGRAPHIC NAME | |
| Source of heading or term | BUEsh |
| 653 ## - INDEX TERM--UNCONTROLLED | |
| Resource For college | Generalities |
| -- | Informatics and Computer Science |
| Arrived date list | May2018 |
| 710 2# - ADDED ENTRY--CORPORATE NAME | |
| Corporate name or jurisdiction name as entry element | Solid Quality Learning (Organization) |
| 856 42 - ELECTRONIC LOCATION AND ACCESS | |
| Materials specified | Publisher description |
| Uniform Resource Identifier | <a href="http://www.loc.gov/catdir/enhancements/fy1004/2006924471-d.html">http://www.loc.gov/catdir/enhancements/fy1004/2006924471-d.html</a> |
| 856 41 - ELECTRONIC LOCATION AND ACCESS | |
| Materials specified | Table of contents only |
| Uniform Resource Identifier | <a href="http://www.loc.gov/catdir/enhancements/fy1010/2006924471-t.html">http://www.loc.gov/catdir/enhancements/fy1010/2006924471-t.html</a> |
| 856 42 - ELECTRONIC LOCATION AND ACCESS | |
| Materials specified | Contributor biographical information |
| Uniform Resource Identifier | <a href="http://www.loc.gov/catdir/enhancements/fy1211/2006924471-b.html">http://www.loc.gov/catdir/enhancements/fy1211/2006924471-b.html</a> |
| 942 ## - ADDED ENTRY ELEMENTS (KOHA) | |
| Source of classification or shelving scheme | Dewey Decimal Classification |
| Withdrawn status | Item status | Source of classification or shelving scheme | Damaged status | Not for loan | Home library | Current library | Shelving location | Date acquired | Total Checkouts | Full call number | Barcode | Date last seen | Koha item type |
|---|---|---|---|---|---|---|---|---|---|---|---|---|---|
| Dewey Decimal Classification | Central Library | Central Library | Lower Floor | 06/05/2018 | 005.36 MCT | 000047693 | 15/07/2025 | Book - Borrowing |